Normal view
MARC view
- Fawzia Karim Firoze
Entry Personal Name
001 - CONTROL NUMBER
- control field: 5632
003 - CONTROL NUMBER IDENTIFIER
- control field: OSt
005 - DATE AND TIME OF LATEST TRANSACTION
- control field: 20240102055442.0
008 - FIXED-LENGTH DATA ELEMENTS
- fixed length control field: 240102|| aca||aabn | a|a d
040 ## - CATALOGING SOURCE
- Original cataloging agency: OSt
- Transcribing agency: OSt
100 ## - HEADING--PERSONAL NAME
- Personal name: Fawzia Karim Firoze
670 ## - SOURCE DATA FOUND
- Source citation: Work cat.: (OSt)3179: Firoze, Fawzia Karim 5631, Women Law Code (1856-1946): , c1996
